000 00404nam a22001697a 4500
003 MPLRDC
005 20220104164858.0
008 210129b ||||| |||| 00| 0 eng d
020 _a0-07-026814-2
082 _a446.07 HAR
100 _aCYRIL M. HARRIS
245 _aHANDBOOK OF NOISE CONTROL
_c
260 _a
_bMCGRAW-HILL BOOK CO.
_c1979
300 _b
650 _a
942 _cBK
_o446.07 HAR
999 _c57199
_d57189